Statistiques concernant Pays les plus visités par les chinois

Cliquez ici pour prendre le quiz!

Statistiques générales

  • Ce quiz a été pris 5 862 fois
  • Le résultat moyen est 10 sur 14

Statistiques - réponses

# touristesPays% Correct
619 294France
99%
553 846Etats-Unis
98%
1 394 203Japon
97%
497 453Italie
82%
413 333Australie
81%
3 546 921Corée du Sud
80%
2 884 539Thaïlande
78%
397 611Allemagne
76%
646 048Indonésie
73%
440 683Viêt Nam
73%
2 671 350Taïwan
58%
677 836Malaisie
56%
990 159Singapour
50%
436 771Suisse
31%

Distribution des résultats

Percentile par nombre de réponses

% des personnes avec chaque résultat

Votre développement - résultats

Vous n’avez pas pris ce quiz